00802nam a22002057a 4500999001900000005001700019010001300036020002600049035001200075037001800087082000800105100004200113245009400155246003700249260005000286270007400336300002300410942002900433952013400462 c185974d18597420220211120804.0 aUR-11448 c150.00a9789390533572 aU-10003 bDBAD/PUBadpl a842 dا شفا ق ا حمد آ ہنگر  aا لتو ا (ڈ ر امو ں کا مجمو عہ )cا شفا ق ا حمد آ ہنگر  bIl-Tawa (Urdu)abyI shfaq Ahmad  aDelhi bEducational Publishing Housec2020 ء a3191,Vakil Street,Kucha Pandit,Lal Kuan,bDelhi e110006k23216162l- a116 ص c22 Cm(Hb) 2ddccURh842mا ش ف  001040718NFICaDBADbLd2022-02-11eDBAD/PUBg150.00l0o842 ا ش فpU-10003r2022-02-11 00:00:00t1v150.00w2022-02-11yUR